02407nam a2200409 i 4500001001200000003000800012006001900020007001500039008004100054020002500095020002200120020002700142040003500169035002100204050002500225111012700250245025900377264008200636264001200718300006500730336002100795337002300816338003200839490005800871504005300929588004700982590014701029650003601176650004001212655002201252700001701274776050801291797001201799830004301811856012601854999001701980ebr10817904CaPaEBRm o d cr cn|||||||||111110t20112011sz ad ob 101 0 eng|d z9783037852002 (pbk.) z3037852003 (pbk.) a9783038136286 (e-book) aCaPaEBRbengerdaepncCaPaEBR a(OCoLC)88451344314aTA401.3b.I58 2011eb2 aInternational Conference on Multi-Functional Materials and Structures Engineeringd(2011 :cSuzhou, China),jissuing body.10aMulti-functional materials and structures engineering :bselected, peer reviewed papers from the 2011 International Conference on Multi-Functional Materials and Structures Engineering (ICMMSE 2011) June 11-12, 2011, Suzhou, China /cedited by Jerry Tian. 1aDurnten-Zurich, Switzerland ;aEnfield, NH :bTrans Tech Publicatons,c[2011] 4c�2011 a1 online resource (423 pages) :billustrations (some color). atext2rdacontent acomputer2rdamedia aonline resource2rdacarrier1 aAdvanced materials research,x1022-6680 ;vvolume 304 aIncludes bibliographical references and indexes. aDescription based on print version record. aElectronic reproduction. Palo Alto, Calif. : ebrary, 2014. Available via World Wide Web. Access may be limited to ebrary affiliated libraries. 0aBuilding materialsvCongresses. 0aStructural engineeringvCongresses. 0aElectronic books.1 aTian, Jerry.08iPrint version:aInternational Conference on Multi-Functional Materials and Structures Engineering.tMulti-functional materials and structures engineering : selected, peer reviewed papers from the 2011 International Conference on Multi-Functional Materials and Structures Engineering (ICMMSE 2011) June 11-12, 2011, Suzhou, China.dDurnten-Zurich, Switzerland : Trans Tech Publicatons, [2011]h[a]-d, 413 pages ; 25 cm.kAdvanced materials research ; volume 304x1022-6680 ;z9783037852002w(DLC)170422622 aebrary. 0aAdvanced materials research ;vv. 304.40uhttp://site.ebrary.com/lib/rucke/Doc?id=10817904zAn electronic book accessible through the World Wide Web; click to view c77948d77948